| 000 | 01040cam a22002651i 4500 | ||
|---|---|---|---|
| 003 | SA-RiAUC | ||
| 005 | 20241220161342.0 | ||
| 008 | 241215s1996 su g 000 0 ara c | ||
| 040 |
_aSA-JeALM _bara _cSA-RiAUC _erda |
||
| 050 | 4 | _b.Q27 1996 | |
| 082 | 0 | 4 |
_a252.5 _qSA-RiAUC |
| 090 |
_a252.5 _bق ص ي |
||
| 100 | 1 |
_aالقصير، عبد الله بن صالح، _d1370 هجري- _eمؤلف. |
|
| 245 | 1 | 0 |
_aزاد الحجاج والمعتمرين من فقه وآداب ذينك النسكين / _cعبد الله بن صالح القصير. |
| 250 | _aالطبعة الثالثة. | ||
| 264 | 1 |
_aالرياض : _bدار الوطن للنشر، _c1996 |
|
| 300 | _a126 صفحة | ||
| 336 |
_aنص _btxt _2rdacontent _3كتاب |
||
| 337 |
_aبدون وسيط _bn _2rdamedia |
||
| 338 |
_aمجلد _bnc _2rdacarrier |
||
| 650 | 7 |
_aالحج (فقه إسلامي) _xمناسك _2aucsh |
|
| 650 | 7 |
_aالعمرة (فقه إسلامي) _xمناسك _2aucsh |
|
| 942 |
_2ddc _cBOOK _n0 |
||
| 949 |
_aSA-JeALM _d241215 _umohamedma123 _n1 |
||
| 999 |
_c3693 _d3693 |
||